000 00427nam a22001697a 4500
003 BD-ChCU
005 20251124130810.0
008 251124b bg ||||| |||| 00| 0 ben d
040 _cBD-ChCU
082 _a341.4 SOP
100 _aSomerville, John
_916774
245 _aThe Philosophy of peace.//
_cJohn, Somerville.
260 _aNew York
_bGaer.
_c1949
300 _a264p
650 0 _aPeace.
_916776
942 _2ddc
_cBK
_n0
999 _c109766
_d109766